书目信息 |
| 题名: |
Eclipse开发入门与项目实践
|
|
| 作者: | 张桂元 , 贾燕枫 编著 | |
| 分册: | ||
| 出版信息: | 北京 人民邮电出版社 2006.01 |
|
| 页数: | 421页 | |
| 开本: | 23cm | |
| 丛书名: | ||
| 单 册: | ||
| 中图分类: | TP311.56 | |
| 科图分类: | ||
| 主题词: | 软件工具--ruan jian gong ju--程序--设计 | |
| 电子资源: | ||
| ISBN: | 7-115-14217-3 | |
| 000 | 00979nam0 2200241 450 | |
| 001 | 012007101250 | |
| 005 | 20071008095839.35 | |
| 010 | @a7-115-14217-3@dCNY48.00 (含光盘) | |
| 100 | @a20070727d2006 km y0chiy0120 ea | |
| 101 | 0 | @achi |
| 102 | @aCN@b110000 | |
| 105 | @aa z 000yy | |
| 200 | 1 | @aEclipse开发入门与项目实践@AEclipse kai fa ru men yu xiang mu shi jian@f张桂元, 贾燕枫编著@Fzhang gui yuan,jia yan feng bian zhu |
| 210 | @a北京@c人民邮电出版社@d2006.01 | |
| 215 | @a421页@c图@d23cm@e光盘1片 | |
| 307 | @a光盘 ISBN : 7-89497-938-4 | |
| 330 | @a本书是Eclipse的学习指南。书中较为全面地介绍了在Eclipse开发环境中进行各种Java应用开发的方式和技巧。本书的特色是以案例为主,将相关知识点作为主线贯穿其中。全书第1部分是开发基础,内容涉及搭建运行环境。 | |
| 606 | 0 | @a软件工具@Aruan jian gong ju@x程序@x设计 |
| 690 | @aTP311.56@v4 | |
| 701 | 0 | @a张桂元@Azhang gui yuan@4编著 |
| 701 | 0 | @a贾燕枫@Ajia yan feng@4编著 |
| 801 | 0 | @aCN@c20071008 |
| 905 | @dTP311.56@eZ108 | |
| Eclipse开发入门与项目实践/张桂元, 贾燕枫编著.-北京:人民邮电出版社,2006.01 |
| 421页:图;23cm+光盘1片 |
| ISBN 7-115-14217-3:CNY48.00 (含光盘) |
| 本书是Eclipse的学习指南。书中较为全面地介绍了在Eclipse开发环境中进行各种Java应用开发的方式和技巧。本书的特色是以案例为主,将相关知识点作为主线贯穿其中。全书第1部分是开发基础,内容涉及搭建运行环境。 |
| ● |
| 相关链接 |
|
|
|
正题名:Eclipse开发入门与项目实践
索取号:TP311.56/Z108
 
预约/预借
| 序号 | 登录号 | 条形码 | 馆藏地/架位号 | 状态 | 备注 |
| 1 | 251010 | 202510103 | 自科库301/ [索取号:TP311.56/Z108] | 在馆 |